| 000 | 00635cam a22002055a 4500 | ||
|---|---|---|---|
| 001 | L143241 | ||
| 008 | 080418s1945 xxk f 000 0 eng d | ||
| 035 | _a(Sirsi) u143241 | ||
| 041 | 0 | _aeng | |
| 050 | 0 | 4 | _a333.00711 $2 18 |
| 110 | 2 |
_aMinistry of Labour and National Service _95537 |
|
| 245 | 0 | 0 |
_aSurveying _bcareers for men and women series |
| 260 |
_aLondon _bMinistry of Labour and National Service _c1945 |
||
| 300 |
_a31p. _c21cm. |
||
| 521 | 2 | _aIntroductory | |
| 651 | 4 |
_aUnited Kingdom _y |
|
| 690 | _aCAREERS, EDUCATION AND TRAINING | ||
| 856 | 4 | 8 | _uhttps://194.154.180.3/uhtbin/cgisirsi.exe/0/0/0/1/117/X/ |
| 942 | _n0 | ||
| 999 |
_c108113 _d108113 |
||